LIBRARY & INFORMATION CENTRE, KCAET, TAVANUR

ONLINE PUBLIC ACCESS CATALOGUE (OPAC)

Theory and problems of complex variables with an introduction to conformal mapping and its application / (Record no. 2660)

MARC details
000 -LEADER
fixed length control field 00679cam a2200229ua 4500
020 ## - INTERNATIONAL STANDARD BOOK NUMBER
ISBN 0 07 099010 7
041 ## - LANGUAGE CODE
Language code of text/sound track or separate title eng
082 ## - DEWEY DECIMAL CLASSIFICATION NUMBER
Classification number 515.9
Item number SPI/TH
100 ## - MAIN ENTRY--AUTHOR NAME
Personal name Spiegel, Murray R .
245 ## - TITLE STATEMENT
Title Theory and problems of complex variables with an introduction to conformal mapping and its application /
250 ## - EDITION STATEMENT
Edition statement 1 /
260 ## - PUBLICATION, DISTRIBUTION, ETC. (IMPRINT)
Place of publication Singapore :
Name of publisher McGraw Hill Book Company ,
Year of publication 1981.
300 ## - PHYSICAL DESCRIPTION
Number of Pages 313 ; .
490 0# - SERIES STATEMENT
Series statement Schaum`s outline series,
Volume number/sequential designation
500 ## - GENERAL NOTE
General note *CSS
942 ## - ADDED ENTRY ELEMENTS (KOHA)
Koha item type Books
Holdings
Withdrawn status Lost status Damaged status Home library Current library Date acquired Full call number Accession Number Koha item type Shelving location
      KAUAET KAUAET 07/04/2012 515.9 16856 Books  
      KAUAET KAUAET 23/07/2018 515.9 SPI/TH 18333 Book Bank scheme for SC students Scheme
      KAUAET KAUAET 25/07/2018 515.9 SPI/TH 18332 Book Bank scheme for SC students Scheme
free website counter